000 00724nam a2200265 i 4500
001 C2-0307258
003 PPAK
005 20180728093925.0
008 110117s2000 enka|||| ||||| | eng d
020 _a0273646265
040 _aPPAK
_beng
_cPPAK
_erda
082 0 4 _a657.83500941
_223
090 0 0 _a657.83500941
_bJON
_dR
100 1 _aJones, Rowan,
_eauthor
245 1 0 _aPublic sector accounting
250 _a5th edition
264 1 _aEngland :
_bPrentice Hall ,
_c2000
300 _aix, 278 pages :
_billustrations ;
_c24 cm
336 _2rdacontent
_atext
337 _2rdamedia
_aunmediated
338 _2rdacarrier
_avolume
650 1 0 _aFinance, Public accounting.
700 _eauthor
942 _ddc
_cB
999 _c110029
_d110029